Hujan Debu

Bibliographic Details
Main Author: Rosmini Shaari
Format: Book
Published: Kuala Lumpur : Dewan Bahasa Dan Pustaka , 1991
Subjects:

MARC

LEADER 00000cam a2200000 7i4500
001 0000006595
002 000007114
005 20000330.0
020 |a 9836222383 
090 0 0 |a F   |b ROS 
100 0 |a Rosmini Shaari 
245 1 0 |a Hujan Debu   |c Rosmini Shaari 
260 |a Kuala Lumpur :   |b Dewan Bahasa Dan Pustaka ,   |c 1991 
300 |a 599p. ;   |c 20cm. 
650 0 0 |a War stories 
999 |a 039885   |b BUKU   |c PINJAMAN   |e PERPUSTAKAAN KOMUNITI PETALING JAYA 
999 |a 039886   |b BUKU   |c PINJAMAN   |e PERPUSTAKAAN KOMUNITI PETALING JAYA